Welcome to the Holygrace Academy Library

Please use search bar below to get started

EDUCATIONAL INTERESTS OF SCHOOL STUDENTS (Record no. 5462)

MARC details
000 -LEADER
fixed length control field 00370nam a22001457a 4500
020 ## - INTERNATIONAL STANDARD BOOK NUMBER
ISBN 81-7141-837-6
082 ## - DEWEY DECIMAL CLASSIFICATION NUMBER
Classification number 370
Item number BHA/E
100 ## - MAIN ENTRY--AUTHOR NAME
Personal name BHASKARA RAO, DIGUMARTI
100 ## - MAIN ENTRY--AUTHOR NAME
Personal name BABU, SRIKANTHA E
245 ## - TITLE STATEMENT
Title EDUCATIONAL INTERESTS OF SCHOOL STUDENTS
260 ## - PUBLICATION, DISTRIBUTION, ETC. (IMPRINT)
Place of publication DELHI
Name of publisher DISCOVERY PUBLISHING HOUSE
Year of publication 2005
300 ## - PHYSICAL DESCRIPTION
Number of Pages 75
650 ## - SUBJECT ADDED ENTRY--TOPICAL TERM
Topical Term EDUCATIONAL
Geographic subdivision INDIA
942 ## - ADDED ENTRY ELEMENTS (KOHA)
Koha item type Books
Holdings
Withdrawn status Lost status Collection code Home library Current library Shelving location Date acquired Source of acquisition Cost, normal purchase price Full call number Accession Number Koha item type
    Reference Main Library Main Library   02/10/2006 purchase 45.00 370 BHA/E 02085 Books